[Event "10th American Continental"]
[Site "Montevideo URU"]
[Date "2015.05.18"]
[Round "5.74"]
[White "Larrea, Osvaldo"]
[Black "Reolon, Victor"]
[Result "0-1"]
[WhiteElo "1843"]
[BlackElo "1711"]
[WhiteFideId "3004546"]
[BlackFideId "3002942"]
[EventDate "2015.05.15"]
[EventType "swiss"]

1. f4 Nf6 2. Nf3 c5 3. e3 b6 4. b3 Bb7 5. Bb2 e6 6. Nc3 Be7 7. Be2 O-O 8. O-O d6
9. Qe1 Nc6 10. Qg3 Nh5 11. Qh3 Nf6 12. a3 Ne8 13. g4 g6 14. Ne4 f6 15. Ng3 Rf7
16. f5 exf5 17. gxf5 Ne5 18. Bxe5 dxe5 19. fxg6 hxg6 20. e4 Bc8 21. Qg2 Be6 22.
Kh1 Nd6 23. Rg1 Kf8 24. Nh4 Rg7 25. Raf1 Ke8 26. Nh5 Rg8 27. Ng3 Kd7 28. Rf3 Kc7
29. Rd3 Qc8 30. Nf3 Nf7 31. Qf1 Qb7 32. Rc3 Rad8 33. Ba6 Qa8 34. b4 Rh8 35. bxc5
Bxc5 36. Qb5 Qc6 37. Rb1 Nd6 38. Qxc6+ Kxc6 39. Bd3 Bg4 40. Be2 Bc8 41. Kg2 Kb7
42. Rxc5 Ka8 43. Rc7 f5 44. Nxe5 Kb8 45. Rg7 Bb7 46. d3 fxe4 47. dxe4 Nxe4 48.
Nxe4 Bxe4+ 49. Bf3 Rd2+ 50. Kg3 Bf5 51. Nc6+ Kc8 52. Ne7+ Kb8 53. Nxf5 gxf5 54.
h4 f4+ 55. Kg4 Rh2 56. Kxf4 R2xh4+ 57. Bg4 Rf8+ 58. Ke5 Rh2 59. c4 Re8+ 60. Kd6
Rh6+ 61. Kd7 Rc8 62. Ke7 Rc7+ 63. Kf8 Rh8+ 64. Rg8 Rhh7 65. Re1 Rhf7+ 66. Ke8
Rh7 67. Re4 a5 68. Re3 0-1

[Event "10th American Continental"]
[Site "Montevideo URU"]
[Date "2015.05.18"]
[Round "5.75"]
[White "Rodrigues, Julliano de Araujo"]
[Black "Pereira, Armando Scharlau"]
[Result "1-0"]
[WhiteElo "1808"]
[BlackElo "1717"]
[WhiteFideId "2127288"]
[BlackFideId "2122006"]
[EventDate "2015.05.15"]
[EventType "swiss"]

1. e4 e6 2. d4 d5 3. Nc3 b6 4. Be3 Bb7 5. e5 Nd7 6. f4 Nh6 7. Nf3 Nf5 8. Bf2 Bb4
9. a3 Bxc3+ 10. bxc3 c5 11. Bd3 c4 12. Bxf5 exf5 13. O-O O-O 14. Bh4 Qc7 15. Ng5
Qc6 16. Re1 Rae8 17. Qh5 h6 18. Nf3 Qe6 19. Re3 Bc6 20. g4 Qg6 21. Qxf5 Qxf5 22.
gxf5 Ba4 23. Re2 Nb8 24. Rg2 Bd7 25. Bf6 g6 26. fxg6 fxg6 27. Rxg6+ Kf7 28. Rxh6
Rg8+ 29. Ng5+ Kf8 30. Rh7 Be6 31. Kf2 Nc6 32. Rf7+ 1-0

[Event "10th American Continental"]
[Site "Montevideo URU"]
[Date "2015.05.18"]
[Round "5.76"]
[White "Fein, Jorge"]
[Black "Pelaez, Diego"]
[Result "1/2-1/2"]
[WhiteElo "1790"]
[BlackElo "1567"]
[WhiteFideId "3003914"]
[BlackFideId "3006476"]
[EventDate "2015.05.15"]
[EventType "swiss"]

1. Nf3 Nf6 2. b3 d5 3. Bb2 e6 4. e3 Bd6 5. d3 O-O 6. Nbd2 Nbd7 7. Be2 c5 8. O-O
Qc7 9. Re1 b6 10. c4 Bb7 11. Bf1 Rae8 12. cxd5 exd5 13. g3 h6 14. Rc1 Qb8 15. d4
Nh7 16. Bb5 Re7 17. Nh4 g6 18. Bxd7 Rxd7 19. Qg4 Nf6 20. Qh3 Qd8 21. Nhf3 Kg7
22. Qh4 c4 23. Ne5 g5 24. Qh3 Re7 25. f4 Bc8 26. Qf1 Bb4 27. Rcd1 Bg4 28. Nef3
Qd6 29. bxc4 Ba3 30. c5 1/2-1/2

[Event "10th American Continental"]
[Site "Montevideo URU"]
[Date "2015.05.19"]
[Round "6.1"]
[White "Cori, Jorge"]
[Black "Bachmann, Axel"]
[Result "1-0"]
[WhiteTitle "GM"]
[BlackTitle "GM"]
[WhiteElo "2609"]
[BlackElo "2636"]
[WhiteFideId "3802272"]
[BlackFideId "3700488"]
[EventDate "2015.05.15"]
[EventType "swiss"]

1. d4 Nf6 2. g3 e6 3. Bg2 d5 4. c4 dxc4 5. Nf3 a6 6. Nc3 Nd5 7. Ne5 Bb4 8. O-O
Nxc3 9. bxc3 Bxc3 10. Rb1 Qxd4 11. Qa4+ b5 12. Qa3 Qxe5 13. Bf4 Qf6 14. Bxc7 Be5
15. Bxe5 Qxe5 16. Bxa8 f5 17. Rfd1 Kf7 18. e4 Nd7 19. Bc6 Nf6 20. exf5 exf5 21.
Qa5 Ne4 22. Bd5+ Kg6 23. Bxe4 Qxe4 24. Rd6+ Kf7 25. Re1 Qb7 26. Qd2 Rf8 27. Qd4
h6 28. h4 Kg8 29. Rd8 Qc6 30. Re7 Qf6 31. Qxf6 gxf6 32. Ree8 1-0

[Event "10th American Continental"]
[Site "Montevideo URU"]
[Date "2015.05.19"]
[Round "6.2"]
[White "Granda Zuniga, Julio E"]
[Black "Matamoros Franco, Carlos S."]
[Result "1/2-1/2"]
[WhiteTitle "GM"]
[BlackTitle "GM"]
[WhiteElo "2650"]
[BlackElo "2525"]
[WhiteFideId "3800024"]
[BlackFideId "3600017"]
[EventDate "2015.05.15"]
[EventType "swiss"]

1. d4 Nf6 2. c4 g6 3. Nc3 Bg7 4. e4 d6 5. Nf3 O-O 6. h3 e5 7. d5 Nh5 8. g3 a5 9.
Be2 Na6 10. Nh2 Nf6 11. h4 Nc5 12. Bg5 h6 13. Bxf6 Qxf6 14. h5 Qe7 15. hxg6 fxg6
16. Bg4 h5 17. Bxc8 Raxc8 18. Qe2 Bh6 19. O-O Rf7 20. Kg2 Rcf8 21. b3 Kg7 22.
Rab1 Qg5 23. Rb2 h4 24. Qg4 Qxg4 25. Nxg4 hxg3 26. f3 Nd3 27. Rbb1 Nf4+ 28. Kxg3
Nh5+ 29. Kg2 Nf4+ 1/2-1/2

[Event "10th American Continental"]
[Site "Montevideo URU"]
[Date "2015.05.19"]
[Round "6.3"]
[White "Shabalov, Alexander"]
[Black "Quesada Perez, Yuniesky"]
[Result "1-0"]
[WhiteTitle "GM"]
[BlackTitle "GM"]
[WhiteElo "2523"]
[BlackElo "2645"]
[WhiteFideId "2008572"]
[BlackFideId "3504409"]
[EventDate "2015.05.15"]
[EventType "swiss"]

1. d4 Nf6 2. c4 e6 3. Nf3 b6 4. a3 Bb7 5. Nc3 d5 6. Qc2 Be7 7. cxd5 exd5 8. g3
O-O 9. Bg2 Nbd7 10. O-O Re8 11. Bf4 c6 12. Rad1 Nf8 13. Rfe1 Ng6 14. Bc1 Bf8 15.
h4 h6 16. Nh2 Bd6 17. e4 dxe4 18. Nxe4 Nxe4 19. Bxe4 Re6 20. Nf3 Qc7 21. b4 Rae8
22. h5 Nf8 23. b5 c5 24. d5 R6e7 25. Kh2 Bc8 26. Bf5 Rxe1 27. Rxe1 Rxe1 28. Nxe1
c4 29. Ng2 Bxf5 30. Qxf5 Nd7 31. Bb2 Ne5 32. Bc3 Qd7 33. Ne3 f6 34. Qxd7 Nxd7
35. Nxc4 Bc5 36. Kg2 Kf7 37. f4 g6 38. g4 Nb8 39. hxg6+ Kxg6 40. f5+ Kf7 41. Kh3
a5 42. Kh4 Nd7 43. Kh5 Bf8 44. Bd4 1-0

[Event "10th American Continental"]
[Site "Montevideo URU"]
[Date "2015.05.19"]
[Round "6.4"]
[White "Vera Siguenas, Deivy"]
[Black "Lenderman, Aleksandr"]
[Result "0-1"]
[WhiteTitle "IM"]
[BlackTitle "GM"]
[WhiteElo "2469"]
[BlackElo "2636"]
[WhiteFideId "3804623"]
[BlackFideId "2021285"]
[EventDate "2015.05.15"]
[EventType "swiss"]

1. e4 c6 2. d4 d5 3. Nc3 dxe4 4. Nxe4 Bf5 5. Ng3 Bg6 6. h4 h6 7. Nf3 e6 8. Ne5
Bh7 9. Bd3 Bxd3 10. Qxd3 Nd7 11. f4 c5 12. Bd2 Nxe5 13. fxe5 Qxd4 14. Qb5+ Qd7
15. Qa5 Ne7 16. O-O-O Nc6 17. Qa4 Nxe5 18. Qb3 Qd5 19. Qb5+ Qc6 20. Qe2 Nd7 21.
Rhf1 Qa6 22. c4 Nf6 23. Bc3 Be7 24. Nh5 Nxh5 25. Qxh5 O-O 26. Qg4 f6 27. Rd3 Rf7
28. Rg3 f5 29. Qe2 Bf6 30. Bxf6 Rxf6 31. Rd1 Raf8 32. Rd7 R8f7 33. Rd8+ Kh7 34.
h5 Qc6 35. Qe5 Rd7 36. Qb8 Rxd8 37. Qxd8 Qe4 38. Qc7 Qxc4+ 39. Kd2 Qd4+ 40. Ke2
Rf8 41. Rg6 Rd8 42. Rxg7+ Qxg7 43. Qxd8 Qxg2+ 44. Ke1 Qe4+ 45. Kf1 Qb1+ 0-1

[Event "10th American Continental"]
[Site "Montevideo URU"]
[Date "2015.05.19"]
[Round "6.5"]
[White "Di Berardino, Diego Rafael"]
[Black "Iturrizaga Bonelli, Eduardo"]
[Result "1-0"]
[WhiteTitle "IM"]
[BlackTitle "GM"]
[WhiteElo "2489"]
[BlackElo "2613"]
[WhiteFideId "2105446"]
[BlackFideId "3901211"]
[EventDate "2015.05.15"]
[EventType "swiss"]

1. e4 c5 2. Nf3 e6 3. d4 cxd4 4. Nxd4 Nc6 5. Nc3 Qc7 6. Be2 Nf6 7. O-O Be7 8.
Be3 O-O 9. f4 d6 10. Kh1 Nxd4 11. Qxd4 b6 12. Qd3 Bb7 13. Bd4 e5 14. Be3 Rad8
15. Bf3 Rfe8 16. Rfe1 Bf8 17. Bd2 g6 18. f5 Be7 19. Bh6 Qc8 20. Bg5 d5 21. exd5
Nxd5 22. Bxd5 Bxd5 23. Nxd5 Bxg5 24. fxg6 hxg6 25. Rad1 Kg7 26. Qg3 f6 27. c3 e4
28. Nc7 Re5 29. Rxd8 Qxc7 30. Red1 1-0

[Event "10th American Continental"]
[Site "Montevideo URU"]
[Date "2015.05.19"]
[Round "6.6"]
[White "Felgaer, Ruben"]
[Black "Pichot, Alan"]
[Result "0-1"]
[WhiteTitle "GM"]
[BlackTitle "IM"]
[WhiteElo "2582"]
[BlackElo "2504"]
[WhiteFideId "107069"]
[BlackFideId "110973"]
[EventDate "2015.05.15"]
[EventType "swiss"]

1. e4 c5 2. Nf3 e6 3. d4 cxd4 4. Nxd4 a6 5. Nc3 Qc7 6. Qf3 Nf6 7. Bg5 Bd6 8.
O-O-O Be5 9. g3 b5 10. Bg2 Bb7 11. Qe2 b4 12. Nd5 exd5 13. exd5 O-O 14. d6 Qa5
15. Nb3 Qxa2 16. Qxe5 Ng4 17. Qd4 Bxg2 18. Qxg4 h5 19. Qxb4 Bxh1 20. Rxh1 Nc6
21. Qa3 Qxa3 22. bxa3 Rab8 23. Rd1 Rfc8 24. Bf4 Ne5 25. Nd4 Nc4 26. Rd3 f6 27.
h4 Rb6 28. Ne2 Re8 29. Rc3 Rc6 0-1

[Event "10th American Continental"]
[Site "Montevideo URU"]
[Date "2015.05.19"]
[Round "6.8"]
[White "Flores, Diego"]
[Black "Santiago, Yago De Moura"]
[Result "1/2-1/2"]
[WhiteTitle "GM"]
[BlackTitle "IM"]
[WhiteElo "2567"]
[BlackElo "2400"]
[WhiteFideId "108049"]
[BlackFideId "2103877"]
[EventDate "2015.05.15"]
[EventType "swiss"]

1. Nf3 Nf6 2. g3 d5 3. Bg2 c6 4. c4 e6 5. O-O Nbd7 6. d4 dxc4 7. Bg5 b5 8. a4
Bb7 9. Nc3 a6 10. Ne5 Qc8 11. f4 Be7 12. f5 O-O 13. e4 b4 14. Nxd7 Qxd7 15. e5
bxc3 16. exf6 c2 17. Qg4 exf5 18. Rxf5 h5 19. Qxh5 Qxf5 20. fxg7 f6 21. Qh8+ Kf7
22. Qh5+ Kg8 23. Qh8+ Kf7 24. Qh5+ 1/2-1/2

[Event "10th American Continental"]
[Site "Montevideo URU"]
[Date "2015.05.19"]
[Round "6.9"]
[White "Michailov, Matias"]
[Black "Hevia Alejano, Carlos Antonio"]
[Result "0-1"]
[BlackTitle "IM"]
[WhiteElo "2137"]
[BlackElo "2535"]
[WhiteFideId "3001571"]
[BlackFideId "3508811"]
[EventDate "2015.05.15"]
[EventType "swiss"]

1. e4 c5 2. Nf3 e6 3. d4 cxd4 4. Nxd4 Nc6 5. Nxc6 bxc6 6. Bd3 Nf6 7. O-O d5 8.
Nd2 Be7 9. c4 O-O 10. Qe2 a5 11. cxd5 cxd5 12. e5 Nd7 13. Nf3 Nc5 14. Bb5 Bd7
15. Bxd7 Qxd7 16. Be3 Rfc8 17. Rac1 Na4 18. Nd4 h6 19. f4 Bf8 20. Qg4 Rxc1 21.
Rxc1 Nxb2 22. f5 Nc4 23. fxe6 fxe6 24. Bf2 Re8 25. Nf3 Qf7 26. Bd4 Bb4 27. h4
Rf8 28. Rf1 Qf5 29. Qxf5 Rxf5 30. Rc1 Rf4 31. Kf2 Re4 32. Rd1 Bd2 33. h5 Be3+
34. Bxe3 Nxe3 35. Rd4 Nc4 36. Rxe4 dxe4 37. Nd4 Kf7 38. Kg3 Nxe5 39. Kf4 Nd7 40.
Kxe4 Kf6 41. Nf3 e5 42. Kd5 Kf5 43. Kd6 Nf6 44. Nxe5 Ne4+ 45. Kd5 Nc3+ 46. Kc4
Nxa2 47. Nc6 a4 48. Nd4+ Ke5 49. Nf3+ Ke4 50. Nh4 Kf4 51. Kb5 Nc3+ 52. Kb4 0-1

[Event "10th American Continental"]
[Site "Montevideo URU"]
[Date "2015.05.19"]
[Round "6.10"]
[White "El Debs, Felipe de Cresce"]
[Black "Paveto, Kevin"]
[Result "1-0"]
[WhiteTitle "GM"]
[BlackTitle "FM"]
[WhiteElo "2527"]
[BlackElo "2400"]
[WhiteFideId "2106981"]
[BlackFideId "173444"]
[EventDate "2015.05.15"]
[EventType "swiss"]

1. d4 Nf6 2. c4 g6 3. Nc3 d5 4. cxd5 Nxd5 5. e4 Nxc3 6. bxc3 Bg7 7. Nf3 c5 8.
Be3 O-O 9. Be2 cxd4 10. cxd4 Qa5+ 11. Bd2 Qa3 12. Qc1 Qxc1+ 13. Rxc1 Bg4 14. d5
Nd7 15. h3 Bxf3 16. Bxf3 Rfc8 17. O-O b6 18. Bg5 Kf8 19. d6 e5 20. Bg4 Ke8 21.
Rc7 Rxc7 22. dxc7 h5 23. Rc1 Rc8 24. Be2 Nc5 25. Bb5+ Kf8 26. Bd8 Ne6 27. Bd7
Rxd8 28. Bxe6 1-0

[Event "10th American Continental"]
[Site "Montevideo URU"]
[Date "2015.05.19"]
[Round "6.12"]
[White "Barbosa, Evandro Amorim"]
[Black "Mareco, Sandro"]
[Result "0-1"]
[WhiteTitle "IM"]
[BlackTitle "GM"]
[WhiteElo "2438"]
[BlackElo "2581"]
[WhiteFideId "2115824"]
[BlackFideId "112275"]
[EventDate "2015.05.15"]
[EventType "swiss"]

1. e4 c5 2. Nf3 d6 3. d4 cxd4 4. Nxd4 Nf6 5. Nc3 a6 6. h3 e6 7. g4 Nfd7 8. g5 b5
9. a3 Bb7 10. h4 Nc6 11. Nxc6 Bxc6 12. Be3 Be7 13. Qd4 O-O 14. O-O-O Rb8 15. h5
Nc5 16. h6 e5 17. Qd2 g6 18. f3 a5 19. Rg1 Qc7 20. Bxc5 dxc5 21. Nd5 Bxd5 22.
exd5 Bd6 23. Rg4 Rfe8 24. Re4 c4 25. c3 Qb6 26. Qe3 Bc5 27. Qe2 b4 28. Rxe5 Be3+
29. Qxe3 Qxe3+ 30. Rxe3 Rxe3 31. axb4 axb4 32. cxb4 c3 33. d6 cxb2+ 34. Kxb2
Rxb4+ 35. Kc2 Rb8 36. d7 Rd8 37. Bb5 Kf8 38. f4 Ke7 39. Rd4 f6 40. Kd2 Re6 41.
gxf6+ Kxf6 42. Kc3 Ke7 43. Kc4 Rf8 44. Kc5 Rf5+ 45. Kb4 Kd8 46. Rc4 Rxb5+ 47.
Kxb5 Kxd7 48. Ra4 Rf6 49. Ra7+ Ke6 50. Rxh7 Rxf4 51. Kc5 Rh4 52. Rh8 Kf6 53. Kd5
Kg5 54. h7 Kh6 55. Ke5 Kg7 56. Ra8 Kxh7 57. Ra1 Kh6 58. Rg1 Kh5 59. Rf1 g5 60.
Kf5 Rh3 61. Rg1 Rf3+ 62. Ke4 g4 63. Rh1+ Kg5 64. Rh8 Rf2 65. Ke3 g3 66. Rh1 Kg4
67. Rh8 Rf1 68. Ke2 g2 69. Rg8+ Kh3 70. Rh8+ Kg3 71. Rg8+ Kh2 72. Rh8+ Kg1 73.
Rh5 Rf6 0-1

[Event "10th American Continental"]
[Site "Montevideo URU"]
[Date "2015.05.19"]
[Round "6.13"]
[White "Pierrot, Facundo"]
[Black "Mekhitarian, Krikor Sevag"]
[Result "0-1"]
[WhiteTitle "IM"]
[BlackTitle "GM"]
[WhiteElo "2377"]
[BlackElo "2572"]
[WhiteFideId "103250"]
[BlackFideId "2107660"]
[EventDate "2015.05.15"]
[EventType "swiss"]

1. e4 c5 2. Nf3 e6 3. c3 Nf6 4. e5 Nd5 5. d4 cxd4 6. cxd4 d6 7. Nc3 Nxc3 8. bxc3
Nd7 9. Bf4 Qa5 10. Qb3 dxe5 11. Nxe5 Nxe5 12. Bxe5 Bd7 13. Be2 Ba4 14. Qb2 Bc6
15. O-O Ba3 16. Qb3 O-O 17. c4 Be7 18. Bf3 Bxf3 19. Qxf3 Qa6 20. Rab1 f6 21. Bg3
b6 22. d5 Bc5 23. Qb3 e5 24. Kh1 Rac8 25. Rfe1 Bd6 26. Rbc1 Rc5 27. Rc2 Rfc8 28.
Rec1 Ra5 29. h3 Ra3 30. Qb1 Qa4 31. f3 Qd7 32. Bf2 Ra5 33. Be1 Rac5 34. Qb3 Qe7
35. Qd3 R5c7 36. a4 Bc5 37. a5 Bd4 38. axb6 axb6 39. Qb3 Qd6 40. Bb4 Bc5 41. Rb1
Kf7 42. Bxc5 Rxc5 43. Qxb6 Qxb6 44. Rxb6 Rxc4 45. Rb7+ Kg6 46. Rxc4 Rxc4 47. d6
Rd4 48. Rd7 h5 49. Rd8 h4 50. Kg1 Kf5 51. d7 g5 52. g3 hxg3 53. Kg2 Ke6 54. Kxg3
Rxd7 55. Rf8 Rd2 56. Re8+ Kf5 57. Rf8 Rd4 58. Ra8 Rc4 59. Ra5 Rc2 60. Ra4 Rd2
61. Ra5 Kg6 62. Ra6 Rd3 63. Kg2 Kf5 64. Rb6 Ra3 65. Rc6 Re3 66. Kf2 Rb3 67. Rc5
Ra3 68. Kg2 Kf4 69. Rc4+ Ke3 70. Re4+ Kd2 71. Kg3 Re3 72. Ra4 e4 73. Rxe4 Rxe4
74. fxe4 Ke3 75. h4 gxh4+ 76. Kxh4 Kxe4 77. Kg3 f5 78. Kf2 Kf4 0-1

[Event "10th American Continental"]
[Site "Montevideo URU"]
[Date "2015.05.19"]
[Round "6.14"]
[White "Escalante Ramirez, Brian Sebasti"]
[Black "Kaidanov, Gregory S"]
[Result "1/2-1/2"]
[BlackTitle "GM"]
[WhiteElo "2373"]
[BlackElo "2566"]
[WhiteFideId "3819566"]
[BlackFideId "2008564"]
[EventDate "2015.05.15"]
[EventType "swiss"]

1. e4 e6 2. Qe2 c5 3. Nf3 Nc6 4. g3 g6 5. Bg2 Bg7 6. c3 e5 7. h4 d6 8. Na3 Nf6
9. Nc2 O-O 10. d3 d5 11. Bg5 d4 12. cxd4 cxd4 13. Qd2 Qd6 14. Bxf6 Qxf6 15. h5
Bd7 16. hxg6 fxg6 17. Ng5 h6 18. Bh3 Bc8 19. Bxc8 Raxc8 20. Nh3 g5 21. Ng1 Rf7
22. g4 Bf8 23. f3 a5 24. a3 Rfc7 25. Rh2 Ne7 26. Qd1 Ng6 27. Kf1 h5 28. gxh5 Nh4
29. Ne1 g4 30. Ng2 Nxf3 31. Nxf3 Rc2 32. Nf4 Rxh2 33. Nxh2 Qxf4+ 34. Kg2 Rc7 35.
Qe2 Rg7 36. Rf1 Qg5 37. Rf5 Qh4 38. Nf1 Be7 39. Rxe5 Bg5 40. Re8+ Kh7 41. Qf2
Qxf2+ 42. Kxf2 Bh4+ 43. Kg2 Rc7 44. Nh2 Rc2+ 45. Kh1 Rc1+ 46. Kg2 Rc2+ 47. Kh1
Rc1+ 1/2-1/2

[Event "10th American Continental"]
[Site "Montevideo URU"]
[Date "2015.05.19"]
[Round "6.15"]
[White "Gonzalez Vidal, Yuri"]
[Black "Lujan, Carolina"]
[Result "1-0"]
[WhiteTitle "GM"]
[BlackTitle "IM"]
[WhiteElo "2550"]
[BlackElo "2353"]
[WhiteFideId "3503321"]
[BlackFideId "109878"]
[EventDate "2015.05.15"]
[EventType "swiss"]

1. Nf3 f5 2. d3 d6 3. e4 e5 4. Nc3 Nf6 5. exf5 Bxf5 6. d4 e4 7. Nh4 Qd7 8. Nxf5
Qxf5 9. Be2 d5 10. g4 Qe6 11. g5 Nfd7 12. Bg4 Qf7 13. O-O Nc6 14. f3 e3 15. Bxe3
O-O-O 16. f4 h6 17. Qf3 Bd6 18. Qxd5 Qe8 19. Rae1 Nb4 20. Qg2 hxg5 21. a3 Nc6
22. Ne4 Qg6 23. Nxd6+ Qxd6 24. fxg5 Kb8 25. c3 Nb6 26. Bf4 Qg6 27. Bf5 Qf7 28.
Be6 Qg6 29. Bxc7+ 1-0

[Event "10th American Continental"]
[Site "Montevideo URU"]
[Date "2015.05.19"]
[Round "6.16"]
[White "Perez Ponsa, Federico"]
[Black "Pereira, Silvio Cunha"]
[Result "1-0"]
[WhiteTitle "GM"]
[BlackTitle "FM"]
[WhiteElo "2533"]
[BlackElo "2284"]
[WhiteFideId "117927"]
[BlackFideId "2100703"]
[EventDate "2015.05.15"]
[EventType "swiss"]

1. e4 e5 2. Nf3 Nc6 3. Bb5 a6 4. Ba4 Nf6 5. d3 d6 6. c4 Be7 7. h3 O-O 8. Be3 Nb8
9. Nc3 c6 10. O-O b5 11. Bb3 b4 12. Ne2 c5 13. Ba4 Ne8 14. Ng3 g6 15. a3 bxa3
16. bxa3 f5 17. exf5 gxf5 18. Bd2 Ng7 19. Rb1 Qc7 20. Ng5 Nc6 21. Nh5 h6 22. Qf3
e4 23. Nxe4 fxe4 24. Qxe4 Bf5 25. Qd5+ Be6 26. Qxc6 Qxc6 27. Bxc6 Nxh5 28. Rfe1
Kf7 29. Rxe6 Kxe6 30. Re1+ Kf6 31. Bc3+ Kg6 32. Bxa8 Bf6 33. Be4+ Kg7 34. Bxf6+
Nxf6 35. Rb1 Re8 36. Rb7+ Kf8 37. f3 Rd8 38. a4 a5 39. Rb5 Ke7 40. Rxa5 Ke6 41.
Kf2 Ke5 42. Ke3 Nh5 43. Ra8 1-0

[Event "10th American Continental"]
[Site "Montevideo URU"]
[Date "2015.05.19"]
[Round "6.17"]
[White "Acosta, Pablo Ismael"]
[Black "Yermolinsky, Alex"]
[Result "0-1"]
[WhiteTitle "IM"]
[BlackTitle "GM"]
[WhiteElo "2320"]
[BlackElo "2531"]
[WhiteFideId "124311"]
[BlackFideId "2005492"]
[EventDate "2015.05.15"]
[EventType "swiss"]

1. c4 b6 2. Nf3 Bb7 3. Nc3 Nf6 4. g3 c5 5. Bg2 g6 6. O-O Bg7 7. d3 O-O 8. e4 Nc6
9. Bg5 h6 10. Bf4 d6 11. h3 Kh7 12. Be3 a6 13. d4 Rb8 14. Re1 Nd7 15. Rc1 b5 16.
cxb5 axb5 17. Nxb5 Ba6 18. a4 Bxb5 19. axb5 Rxb5 20. Bf1 Rxb2 21. dxc5 Nxc5 22.
e5 Qc7 23. Bxc5 dxc5 24. Rxc5 Qb6 25. Rc2 e6 26. Qc1 Rxc2 27. Qxc2 Rb8 28. h4
Kg8 29. Qe4 Qc5 30. Qe3 Qd5 31. Qe4 Rd8 32. Qf4 Ne7 33. Qe4 Qxe4 34. Rxe4 Rd5
35. Bc4 Ra5 36. Kg2 Nc6 37. Be2 Bxe5 38. Rc4 Ne7 39. Nxe5 Rxe5 40. Bf3 f5 41.
Rc7 Kf7 42. Ra7 Rb5 43. Ba8 Rb4 44. f4 g5 45. Kf3 gxh4 46. gxh4 h5 47. Bc6 Kf6
48. Be8 Rb8 0-1

[Event "10th American Continental"]
[Site "Montevideo URU"]
[Date "2015.05.19"]
[Round "6.18"]
[White "Sanhueza, Cristian"]
[Black "Rodriguez Vila, Andres"]
[Result "1/2-1/2"]
[BlackTitle "GM"]
[WhiteElo "2195"]
[BlackElo "2485"]
[WhiteFideId "116815"]
[BlackFideId "3000010"]
[EventDate "2015.05.15"]
[EventType "swiss"]

1. e4 c5 2. Nf3 g6 3. d4 cxd4 4. Nxd4 Bg7 5. Nc3 Nc6 6. Be3 Nf6 7. Bc4 O-O 8.
Bb3 b6 9. f3 Bb7 10. Qd2 Na5 11. O-O-O Nxb3+ 12. axb3 Qb8 13. g4 Rd8 14. h4 h5
15. Bh6 Qe5 16. Bxg7 Kxg7 17. g5 Ne8 18. f4 Qa5 19. Kb1 Nc7 20. Rhf1 b5 21. f5
b4 22. f6+ Kg8 23. fxe7 Re8 24. Rxf7 Kxf7 25. Qf4+ Kg8 26. Qf6 Qb6 27. Nc6 Qxc6
28. Rd6 Rxe7 29. Qxe7 bxc3 30. Rxd7 Qxd7 31. Qxd7 Bxe4 32. Qxc7 Bf5 33. Qc4+ Kh7
34. Qc7+ Kg8 35. bxc3 Rc8 36. Qxa7 Rxc3 37. Qa8+ Kh7 38. Qb7+ Kh8 39. Qb8+ Kh7
40. Qb7+ Kh8 41. Qg2 Rxb3+ 42. Kc1 Rb4 43. Qg3 Rg4 44. Qe5+ Kh7 45. Qc7+ Kh8 46.
Qb8+ Kh7 47. Qb7+ Kh8 48. Qh1 Rc4 49. Qa8+ Kh7 50. Qb7+ Kh8 51. Kd2 Rxc2+ 52.
Ke3 Rc4 53. Qb8+ Kh7 54. Qa7+ Kh8 55. Qa8+ Kh7 56. Qd5 Rxh4 57. Qf7+ Kh8 58.
Qf8+ 1/2-1/2

[Event "10th American Continental"]
[Site "Montevideo URU"]
[Date "2015.05.19"]
[Round "6.19"]
[White "Cordova, Emilio"]
[Black "Fernandez, Maria Florencia"]
[Result "1-0"]
[WhiteTitle "GM"]
[BlackTitle "WIM"]
[WhiteElo "2629"]
[BlackElo "2200"]
[WhiteFideId "3801497"]
[BlackFideId "116459"]
[EventDate "2015.05.15"]
[EventType "swiss"]

1. d4 Nf6 2. Bg5 c5 3. d5 Qb6 4. Nc3 Qxb2 5. Bd2 Qb6 6. e4 d6 7. f4 g6 8. e5
dxe5 9. fxe5 Nfd7 10. Rb1 Qc7 11. Nf3 Nxe5 12. Nb5 Nxf3+ 13. Qxf3 Qd8 14. Bc3 f6
15. d6 Na6 16. Bc4 Bg7 17. dxe7 Qxe7+ 18. Kf2 1-0

[Event "10th American Continental"]
[Site "Montevideo URU"]
[Date "2015.05.19"]
[Round "6.20"]
[White "Arcos Facio, Mateo"]
[Black "Henriquez Villagra, Cristobal"]
[Result "0-1"]
[WhiteTitle "FM"]
[BlackTitle "IM"]
[WhiteElo "2184"]
[BlackElo "2478"]
[WhiteFideId "3001199"]
[BlackFideId "3409350"]
[EventDate "2015.05.15"]
[EventType "swiss"]

1. e4 c5 2. Nf3 d6 3. d4 cxd4 4. Nxd4 Nf6 5. Nc3 Nc6 6. Bg5 Qb6 7. Nb3 e6 8. Be2
a6 9. O-O Be7 10. Be3 Qc7 11. a4 b6 12. f4 O-O 13. Bf3 Rb8 14. Qe1 Na5 15. Qg3
Nc4 16. Bd4 e5 17. fxe5 dxe5 18. Be2 Rb7 19. Rxf6 Bxf6 20. Nd5 Qc6 21. Bc3 Bd8
22. Bxc4 Qxc4 23. Qxe5 f6 24. Qd6 Re8 25. Nd4 Bc7 26. Qc6 Qxc6 27. Nxc6 Bd7 28.
Nce7+ Kf7 29. Bb4 a5 30. Ba3 Bd8 31. Nf5 Bxf5 32. exf5 Re5 33. Rd1 Rd7 34. c4
Rxf5 35. Re1 h5 36. b3 Re5 37. Rxe5 fxe5 38. Kf2 Ke6 39. Ke3 g6 40. g3 g5 41. h3
Rf7 42. g4 h4 43. Ke2 e4 44. Nc3 Rf3 45. Nxe4 Rxh3 46. Bc1 Rxb3 47. c5 Kd5 48.
Nxg5 Bxg5 49. Bxg5 h3 0-1

[Event "10th American Continental"]
[Site "Montevideo URU"]
[Date "2015.05.19"]
[Round "6.21"]
[White "Molina, Roberto Junio Brito"]
[Black "Izquierdo, Daniel"]
[Result "1-0"]
[WhiteTitle "IM"]
[BlackTitle "FM"]
[WhiteElo "2455"]
[BlackElo "2190"]
[WhiteFideId "2109450"]
[BlackFideId "3000044"]
[EventDate "2015.05.15"]
[EventType "swiss"]

1. d4 Nf6 2. c4 d6 3. Nf3 Nbd7 4. Nc3 e5 5. e4 Be7 6. Be2 O-O 7. O-O Re8 8. Re1
Bf8 9. Bf1 c6 10. d5 c5 11. a3 g6 12. b4 b6 13. Nd2 Bh6 14. Bb2 a6 15. Nb3 Nh5
16. Na4 Rf8 17. Bc3 f5 18. exf5 Rxf5 19. Nd2 Nf4 20. g3 Nf6 21. bxc5 bxc5 22.
Rb1 Rh5 23. Nb6 Ra7 24. Nxc8 Qxc8 25. gxf4 Bxf4 26. Bg2 Rf7 27. h3 Qf5 28. Rb8+
Kg7 29. Qb1 Bh2+ 30. Kh1 Qf4 31. Rb7 Ng4 32. Rxf7+ Qxf7 33. hxg4 Rh6 34. Nf3
Bf4+ 35. Kg1 g5 36. Nxe5 dxe5 37. Bxe5+ 1-0